|
|
|
|
| LEADER |
00000cam a2200000 a 4500 |
| 001 |
vtls001243747 |
| 003 |
SK-MaSNL |
| 005 |
20260301064056.0 |
| 008 |
241204s1990 xo odl gr 000 0 slo |
| 015 |
|
|
|a SNBA1990/05
|
| 020 |
|
|
|a 8090042058
|q (brožované)
|
| 035 |
|
|
|a SNK000190761
|
| 035 |
|
|
|a urn:nbn:sk:snk-amliu0
|
| 035 |
|
|
|a urn:nbn:sk:snk-am00bmwj
|
| 035 |
|
|
|a 126916F9-034D-49F0-A6B6-EB5CB2760B51
|
| 040 |
|
|
|a SNK
|b slo
|c SNK
|e AACR2
|
| 041 |
0 |
|
|a slo
|b rus
|b eng
|b ger
|
| 043 |
|
|
|a e-xo---
|
| 044 |
|
|
|a xo
|c SK
|
| 072 |
|
7 |
|a 631
|x Poľnohospodárstvo. Pedológia. Agrotechnika. Agroekológia
|2 konspekt
|
| 072 |
|
7 |
|a 334
|x Formy organizácie a spolupráce v ekonomike
|2 konspekt
|
| 080 |
|
|
|a 631.11
|2 2011
|
| 080 |
|
|
|a 631:001.891
|2 2011
|
| 080 |
|
|
|a (047.1)
|2 2011
|
| 080 |
|
|
|a (036)
|2 2011
|
| 080 |
|
|
|a (084.12)
|2 2011
|
| 110 |
2 |
|
|a Poľnohospodársky výrobný a inžiniersky podnik (Michalovce, Slovensko)
|4 aut
|9 82335
|
| 245 |
1 |
0 |
|a 25 rokov poľnohospodárskeho výskumu na Východoslovenskej nížine
|b Poľnohospodársky výrobný a inžiniersky podnik Michalovce
|c [zostavil: Eduard Szattler ; autori fotografií: Eduard Szattler, Alexander Jiroušek, Ladislav Marton ; autorský kolektív: Eduard Szattler ... [et al.]]
|
| 246 |
3 |
|
|a Dvadsaťpäť rokov poľnohospodárskeho výskumu na Východoslovenskej nížine
|
| 260 |
|
|
|a Michalovce
|b Príroda
|c 1990
|
| 300 |
|
|
|a 87 strán
|b farebné fotografie, grafy, schémy, tabuľky
|c 30 x 22 cm
|
| 500 |
|
|
|a Vydal Poľnohospodársky výrobný a inžiniersky podnik Michalovce
|
| 500 |
|
|
|a Fotografia na titulnej strane
|
| 546 |
|
|
|a Ruské, anglické a nemecké resumé
|
| 610 |
2 |
7 |
|a Poľnohospodársky výrobný a inžiniersky podnik (Michalovce, Slovensko)
|2 SNKKA
|9 82335
|
| 648 |
|
7 |
|a 1965-1990
|2 SNKPH
|9 369334
|
| 650 |
0 |
7 |
|a poľnohospodárske podniky
|2 SNKPH
|9 4194
|
| 650 |
0 |
7 |
|a poľnohospodársky výskum
|2 SNKPH
|9 71243
|
| 651 |
|
7 |
|a Východoslovenská nížina (Slovensko)
|2 SNKPHgeo
|9 19595
|
| 655 |
|
7 |
|a výročné správy
|2 SNKPH
|9 70580
|
| 655 |
|
7 |
|a informačné publikácie
|2 SNKPH
|9 70181
|
| 655 |
|
7 |
|a fotografické publikácie
|2 SNKPH
|9 70483
|
| 700 |
1 |
|
|a Szattler, Eduard
|4 com
|4 aut
|4 pht
|9 380795
|
| 700 |
1 |
|
|a Jiroušek, Alexander,
|d 1934-2021
|4 pht
|9 223957
|
| 700 |
1 |
|
|a Marton, Ladislav
|4 pht
|9 45582
|
| 852 |
|
|
|a Slovenská národná knižnica
|
| 919 |
|
|
|a 80-900420-5-8
|
| 954 |
|
|
|a odborná, vedecká literatúra pôvodná (slovenská)
|2 lita
|
| 954 |
|
|
|a obrazové publikácie zamerané na výtvarné umenie a fotografiu pôvodné (slovenské)
|2 lita
|
| 958 |
|
|
|a RK
|
| 958 |
|
|
|a TL
|
| 958 |
|
|
|a OND
|
| 958 |
|
|
|a EUIPO
|
| 999 |
|
|
|c 625813
|d 627743
|
| 952 |
|
|
|a SNK
|b SNK
|y PREZ
|7 0
|p 17A0873142
|o snkSB 47450
|i snkKSP 9333/90
|0 0
|1 0
|4 0
|d 2012-07-09
|f 1
|l 0
|r 2025-02-13 00:00:00
|w 2026-02-23
|
| 952 |
|
|
|a SNK
|b SNK
|y VYP
|7 0
|p 17A0149413
|o snkSB 47450 D1
|0 0
|1 0
|4 0
|d 1998-07-14
|l 0
|r 2005-01-01 00:00:00
|w 2026-02-23
|